"Ami nem is jó, azt is, most is értem" kulturális és szociálpszichológiai kérdések a mai magyar cserkészetben /
A következőkben valóban elméleti munkát várjon tőlem az olvasó, tehát nem gazdasági, politikai és egyéb kérdésfölvetéseket, hanem a világcserkészet és a magyar cserkészet elméletét érintő implikációkat. Bár lassan négy éve gyakorlatilag szabadúszóként járom e testvérvilágot, mégis – és talán éppen e...
Elmentve itt :
| Szerző: | |
|---|---|
| Dokumentumtípus: | Cikk |
| Megjelent: |
2010
|
| Sorozat: | Iskolakultúra
20 No. 11 |
| Online Access: | http://misc.bibl.u-szeged.hu/42377 |
| LEADER | 01423nab a2200181 i 4500 | ||
|---|---|---|---|
| 001 | misc42377 | ||
| 005 | 20191106140608.0 | ||
| 008 | 180706s2010 hu o 0|| zxx d | ||
| 022 | |a 1215-5233 | ||
| 040 | |a SZTE Miscellanea Repozitórium |b hun | ||
| 041 | |a zxx | ||
| 100 | 1 | |a Soltész Márton | |
| 245 | 1 | 0 | |a "Ami nem is jó, azt is, most is értem" |h [elektronikus dokumentum] : |b kulturális és szociálpszichológiai kérdések a mai magyar cserkészetben / |c Soltész Márton |
| 260 | |c 2010 | ||
| 300 | |a 134-138 | ||
| 490 | 0 | |a Iskolakultúra |v 20 No. 11 | |
| 520 | 3 | |a A következőkben valóban elméleti munkát várjon tőlem az olvasó, tehát nem gazdasági, politikai és egyéb kérdésfölvetéseket, hanem a világcserkészet és a magyar cserkészet elméletét érintő implikációkat. Bár lassan négy éve gyakorlatilag szabadúszóként járom e testvérvilágot, mégis – és talán éppen ezen autonómia révén – élesebben látom azokat az anomáliákat, amelyeket a szorosabb kisközösségi létben élő vezetőtársaim aktuál-problémái elfödnek. Az a kötelességérzés – Márai Sándor kifejezésével: „Pflichtgefühl” – vezetett e munka létrehozására, mely fogadalmunkkal elévülhetetlen karakterként pecsételődik lelkünkbe, sőt, egyes gyermekeknek már jóval korábban is. | |
| 856 | 4 | 0 | |u http://misc.bibl.u-szeged.hu/42377/1/3_EPA00011_iskolakultura_2010-11.pdf |z Dokumentum-elérés |